| 000 | 00805cab a2200241 4500 | ||
|---|---|---|---|
| 001 | WB3441-37 | ||
| 008 | 090401t1998 xxu||||| |||| 00| 0 eng d | ||
| 035 | _a(Sirsi) u89393 | ||
| 041 | _aeng | ||
| 245 | _aValuable lesson in method | ||
| 260 | _c1998 | ||
| 350 | _a0 | ||
| 490 |
_aFinancial Times _v30 October 1998, 24(1) |
||
| 520 | _aSlough Estates` hostile bid for industrial property company, Bilton, has highlighted a problematic area in valuation methodology - whether values shown in corporate balance sheets be gross or net of purchasers` costs. | ||
| 650 | _aASSET VALUATION | ||
| 650 | _aOPEN MARKET VALUE | ||
| 650 | _aPROPERTY PORTFOLIOS | ||
| 650 | _aSLOUGH ESTATES | ||
| 650 | _aVALUATION METHODOLOGY | ||
| 690 | _aRATING AND VALUATION | ||
| 942 | _n0 | ||
| 948 | _c30/10/1998 | ||
| 999 |
_c56542 _d56542 |
||